| 000 | 00743nam a2200229 a 4500 | ||
|---|---|---|---|
| 999 |
_c10781 _d10781 |
||
| 001 | 10781 | ||
| 003 | BD-JhCC | ||
| 005 | 20190310102333.0 | ||
| 008 | 190310b20072008bg |||| ||u| 000 0 ben d | ||
| 020 | _a9843000012946 | ||
| 035 | _a(BD-JhCC)10781 | ||
| 040 |
_aBD-JhCC _dBD-JhCC |
||
| 041 | _aben | ||
| 082 |
_a342 _bKHA 2007 |
||
| 100 | _aখান, মোঃ নজরুল ইসলাম / | ||
| 245 |
_aভূমি আইনের সহজ পাঠ / _cমোঃ নজরুল ইসলাম খান। |
||
| 260 |
_aঢাকা, _bরিসার্চ ইনিশিয়েটিভস,বাংলাদেশ ; _c2007. |
||
| 300 |
_a368 p. : _c22 cm. |
||
| 650 | _aLand Law. | ||
| 942 |
_2lcc _cBK |
||